000 00439nam a2200133Ia 4500
003 GCL
008 140319s9999 xx 000 0 ara d
040 _aGCL /
_cGCL
082 0 4 _a327.11
_bس ح
100 1 _aسعد البزاز
245 1 0 _aالعراق السرى - الجزء الاول : الجنرالات اخر من يعلم /
_cسعد البزاز
300 _a317 ص
490 _aالهيئة العامة للاستعلامات
_v0
999 _c49314
_d49314